000 00554nam a2200193Ia 4500
003 OSt
005 20230607081244.0
008 210423s2010 xx 000 0 und d
040 _cAL
041 _aeng
082 _a362.29
_223
_bTTKC
100 _aTTK HOSPITAL
_9120748
245 _aCounseling and groups therapy in addiction treatment
260 _aNew Delhi
_bTata McGraw-hill
_c2010
365 _b100
_cINR
650 _aSocial Problems & Services
_9120749
906 _aaddiction ; Counseling ; groups ; therapy ; treatment
942 _2ddc
_cBK
999 _c176010
_d176010